000 00846cam a2200289 4500500
005 20260329005251.0
041 _afre
042 _adc
100 1 0 _aEnjalbert, Cédric
_eauthor
245 0 0 _aAstrid Chevance : “Ce qui compte dans le délire, c’est la fixité de l’idée”
260 _c2023.
500 _a44
690 _aAstrid Chevance
690 _aCanguilhem
690 _aDépression
690 _aDSM-5
690 _aMaladie
690 _aNormalité
690 _aObsession
690 _aOrdre
690 _aParanoïa
690 _aPathologies
690 _aPsychiatrie
690 _atrouble pathologique
786 0 _nPhilosophie magazine | 166 | 1 | 2023-02-01 | p. 21-22 | 1951-1787
856 4 1 _uhttps://shs.cairn.info/magazine-philosophie-magazine-2023-1-page-21?lang=fr&redirect-ssocas=7080
999 _c1841817
_d1841817